Historiadores y prosistas / (Record no. 455)

000 -CABECERA
fixed length control field 01822nam a22003377a 4500
003 - IDENTIFICADOR DEL NÚMERO DE CONTROL
control field AR-CdUCM
008 - DATOS DE LONGITUD FIJA--INFORMACIÓN GENERAL
fixed length control field 190223b ||||| |||| 00| 0 spa d
040 ## - FUENTE DE LA CATALOGACIÓN
Agencia/entidad que catalogó originalmente la obra MUNICIPALIDAD PROVINCIAL DEL CUSCO
Entidad que transcribió la catalogación BIBLIOTECA MUNICIPAL DEL CUSCO
082 ## - NÚMERO DE LA CLASIFICACIÓN DECIMAL DEWEY
No. de Clasificación 985.4 /
Notacion interna B45
100 ## - ENTRADA PRINCIPAL--NOMBRE DE PERSONA
Nombre Personal Bermejo, Vladimiro
245 ## - MENCIÓN DE TÍTULO
Título Historiadores y prosistas /
Mención de responsabilidad Primer festival del libro Arequipeño
260 ## - PUBLICACIÓN, DISTRIBUCIÓN, ETC.
Lugar de publicación, distribución, etc. Arequipa :
Nombre de la editorial, distribuidor, etc. Lumen;
-- Mejía Baca,
Fecha de publicación, distribución, etc. 1958.
300 ## - DESCRIPCIÓN FÍSICA
Nº de Páginas Extensión 166 páginas ;
Dimensiones 17 cm.
505 ## - NOTA DE CONTENIDO CON FORMATO
Nota de contenido formateada Contenido: Descripción de la ciudad de Arequipa su población y agricultura -- La catedral de Arequipa -- Los primeros españoles en Arequipa -- Revolución de Arequipa a favor del general D. Manuel Ignacio Vivanco 1954 -- El fundador de Arequipa y el licenciado La Gasca -- Aportes para la historia de Arequipa -- La cuestión social de Arequipa -- Estudios de sociología Arequipeña, discurso preliminar -- Un capítulo de "El provinciano" -- Reminiscencias históricas de Arequipa, el año 1868 -- Arequipa y su sino histórico -- Mariano Melgar, su vida escolar -- Fundación oficial de Arequipa 1540 - 1940 -- Notas biográficas...
700 ## - PUNTO DE ACCESO ADICIONAL--NOMBRE DE PERSONA
Nombre Personal Francisco Javier de Echeverría
9 (RLIN) 1791
700 ## - PUNTO DE ACCESO ADICIONAL--NOMBRE DE PERSONA
Nombre Personal Mariano A. Cateriano
9 (RLIN) 1792
700 ## - PUNTO DE ACCESO ADICIONAL--NOMBRE DE PERSONA
Nombre Personal Ladislao Cabrera Valdez
9 (RLIN) 1793
700 ## - PUNTO DE ACCESO ADICIONAL--NOMBRE DE PERSONA
Nombre Personal Dean Juan Gualberto Valdivia
9 (RLIN) 1794
700 ## - PUNTO DE ACCESO ADICIONAL--NOMBRE DE PERSONA
Nombre Personal Fray Victor M. Barriga
9 (RLIN) 1795
700 ## - PUNTO DE ACCESO ADICIONAL--NOMBRE DE PERSONA
Nombre Personal Francisco Mostajo
9 (RLIN) 1796
700 ## - PUNTO DE ACCESO ADICIONAL--NOMBRE DE PERSONA
Nombre Personal Victor Andrés Belaunde
9 (RLIN) 1797
700 ## - PUNTO DE ACCESO ADICIONAL--NOMBRE DE PERSONA
Nombre Personal Alberto Ballón Landa
9 (RLIN) 1798
700 ## - PUNTO DE ACCESO ADICIONAL--NOMBRE DE PERSONA
Nombre Personal Teodoro Núñez Ureta
9 (RLIN) 1799
700 ## - PUNTO DE ACCESO ADICIONAL--NOMBRE DE PERSONA
Nombre Personal Monseñor Santiago Martínez
9 (RLIN) 1800
700 ## - PUNTO DE ACCESO ADICIONAL--NOMBRE DE PERSONA
Nombre Personal José Luis Bustamante y Rivero
9 (RLIN) 1801
700 ## - PUNTO DE ACCESO ADICIONAL--NOMBRE DE PERSONA
Nombre Personal Salvador Cornejo
9 (RLIN) 1802
700 ## - PUNTO DE ACCESO ADICIONAL--NOMBRE DE PERSONA
Nombre Personal Victor N. Benavente
9 (RLIN) 1803
942 ## - ELEMENTOS DE PUNTO DE ACCESO ADICIONAL (KOHA)
Fuente de clasificación
Tipo de item Libros-BMC
945 ## - PROCESAMIENTO DE INFORMACIÓN LOCAL (OCLC)
Catalogador lccs
AAAA-MM-DD - Fecha de ingreso o modificacion 2019-02-23
Holdings
Estado de retiro (separado) Fuente de clasificación o esquema de estanterías Estado dañado Ubicación Sala donde se ubica Nombre de la colección Fecha de adquisición o compra Costo, precio normal en soles Signatura topográfica Código de Barras Última vez visto (Koha) Tipo de ítem (Koha) Número de Ejemplar
No     Sala Humanidades Sala Humanidades Book Cart 2019-02-23 15.00 985.4 / B45 SH0000000332 2019-02-23 Libros-BMC  
No     Sala Humanidades Sala Humanidades Book Cart 2019-05-09 15.00 985.4 / B45 / e.2 SH0000012636 2019-05-09 Libros-BMC e.2

Powered by Koha